100 najlepszych bramkarzy w EA FC 24 - Statystyki

Ogólne statystyki
  • Ten quiz został rozwiązany 157 razy
  • Średni wynik to 45 z 100
Statystyki odpowiedzi
Overall Klub Narodowość Zawodnik % Poprawnych
89 Liverpool Brazylia Alisson
97%
88 Atletico Madryt Słowenia Jan Oblak
97%
86 Juventus Polska Wojciech Szczęsny
97%
89 FC Barcelona Niemcy Marc-Andre ter Stegen
96%
88 Manchester City Brazylia Ederson
94%
87 PSG Włochy Gianluigi Donnarumma
92%
87 Bayern Niemcy Manuel Neuer
91%
85 PSG Kostaryka Keylor Navas
90%
90 Real Madryt Belgia Thibaut Courtois
90%
85 Aston Villa Argentyna Emiliano Martinez
89%
84 Inter Mediolan Szwajcaria Yann Sommer
89%
85 Manchester United Kamerun Andre Onana
88%
78 Almeria Hiszpania Fernando Martinez
88%
87 Borussia Dortmund Szwajcaria Gregor Kobel
88%
85 Al-Hilal Maroko Yassine Bounou
84%
87 AC Milan Francja Mike Maignan
81%
84 Arsenal Anglia Aaron Ramsdale
75%
83 Tottenham Francja Hugo Lloris
75%
82 Everton Anglia Jordan Pickford
73%
85 Eintracht Niemcy Kevin Trapp
71%
84 Newcastle Anglia Nick Pope
70%
83 Athletic Bilbao Hiszpania Unai Simon
69%
79 West Ham Polska Łukasz Fabiański
68%
81 Roma Portugalia Rui Patricio
67%
77 Spezia Polska Bartłomiej Drągowski
66%
83 Napoli Włochy Alex Meret
63%
80 Arsenal Hiszpania David Raya
63%
82 Fenerbahce Chorwacja Dominik Livaković
62%
82 Al-Ahli Senegal Edouard Mendy
62%
81 Salernitana Meksyk Guillermo Ochoa
62%
81 Fulham Niemcy Bernd Leno
60%
81 Real Madryt Hiszpania Kepa Arrizabalaga
60%
82 FC Porto Portugalia Diogo Costa
58%
81 Bayer Leverkusen Finlandia Lukas Hradecky
58%
80 Galatasaray Urugwaj Fernando Muslera
57%
79 Wolverhampton Portugalia Jose Sa
57%
84 RB Lipsk Węgry Peter Gulacsi
57%
81 Anderlecht Dania Kasper Schmeichel
55%
78 West Ham Francja Alphonse Areola
53%
80 Al-Nassr Kolumbia David Ospina
53%
82 Tottenham Włochy Gugliermo Vicario
53%
82 Olympique Lyon Portugalia Anthony Lopes
50%
78 Newcastle Słowacja Martin Dubravka
50%
79 Manchester City Niemcy Stefan Ortega
50%
79 Juventus Włochy Mattia Perin
49%
84 Wolfsburg Belgia Koen Casteels
48%
79 Chelsea Hiszpania Robert Sanchez
48%
84 Real Sociedad Hiszpania Alex Remiro
46%
81 Ajax Argentyna Geronimo Rulli
43%
80 Real Betis Chile Claudio Bravo
42%
80 Valencia Gruzja Giorgi Mamardashvili
42%
82 Brentford Holandia Mark Flekken
41%
80 Olympique Marsylia Hiszpania Pau Lopez
41%
81 Lens Francja Brice Samba
38%
82 Lazio Włochy Ivan Provedel
37%
80 Club Brugge Belgia Simon Mignolet
37%
81 Nottingham Forest Grecja Odyseas Vlachodimos
36%
77 Benfica Ukraina Anatoliy Trubin
34%
78 Bournemouth Brazylia Neto
34%
80 Hoffenheim Niemcy Oliver Baumann
33%
79 Crystal Palace Anglia Dean Henderson
30%
80 Sporting Lizbona Hiszpania Adan
28%
78 AZ Alkmaar Australia Matthew Ryan
28%
81 Real Betis Portugalia Rui Silva
26%
82 Cadiz Argentyna Jeremias Ledesma
25%
80 Sevilla Serbia Marko Dmitrović
25%
79 Rennais Francja Steve Mandanda
25%
78 Mallorca Serbia Predrag Rajković
24%
79 Atalanta Argentyna Guillaume Musso
23%
78 NEC Holandia Jasper Cillessen
23%
78 Boca Juniors Argentyna Sergio Romero
23%
79 Strasbourg Belgia Matz Sels
22%
80 Getafe Hiszpania David Soria
21%
80 Borussia Monchengladbach Szwajcaria Jonas Omlin
21%
78 Feyenoord Holandia Justin Bijlow
21%
78 Girona Argentyna Paulo Gazzaniga
21%
79 PSV Argentyna Rafael Benitez
21%
78 Nantes Francja Alban Lafont
19%
79 AC Monza Włochy Michele Di Gregorio
19%
78 Philadelphia Union Jamajka Andre Blake
17%
79 Union Berlin Dania Fredrik Ronnow
17%
78 Lille Francja Lucas Chevalier
17%
78 Lorient Szwajcaria Yvon Mvogo
17%
79 Sassuolo Włochy Andrea Consigli
16%
77 River Plate Argentyna Franco Armani
14%
79 Rayo Vallecano Macedonia Stole Dimitrievski
14%
80 Braga Brazylia Matheus
12%
79 Fiorentina Włochy Pietro Terracciano
12%
78 Celta Vigo Argentyna Agustin Marchesin
10%
79 Atalanta Włochy Marco Carnesecchi
10%
78 Trabzonspor Turcja Ugurcan Cakir
10%
79 Inter Mediolan Włochy Emil Audero
9%
79 Al-Ittihad Brazylia Marcelo Grohe
8%
78 Celta Vigo Hiszpania Vicente Guaita
8%
79 Udinese Włochy Marco Silvestri
7%
79 VVV Venlo Niemcy Lars Unnerstall
6%
79 Osasuna Hiszpania Sergio Herrera Piron
6%
78 Osasuna Hiszpania Aitor
5%
78 Antwerp Francja Jean Butez
4%
80 Elche Hiszpania Edgar Badia
3%
Nie znaleziono quizów pasujących do podanych kryteriów
Rozkład punktacji
Procent ludzi z każdym wynikiem
Percentyl według liczby udzielonych odpowiedzi
Twoja historia wyników
Nie rozwiązałeś tego quizu